Continents by Position - Statistics

General Stats
  • This quiz has been taken 31 times
  • The average score is 6 of 7
Answer Stats
Hint Answer % Correct
Almost entirely above the Equator Asia
100%
Half above and half below Equator Africa
96%
Almost entirely below the Equator South America
93%
Farthest continent from Equator Antarctica
89%
Farthest continent above Equator Europe
89%
Also entirely below the Equator Oceania
89%
Completely above the Equator North America
86%
No matching quizzes found
Score Distribution
Percent of People with Each Score
Percentile by Number Answered
Your Score History
You have not taken this quiz